000 00417nam a2200181Ia 4500
008 230725s1995 xx 000 0 und d
041 _aeng
082 _a660.2
_bBRO
100 _aBROWN G.G
245 _aUNIT OPERATIONS
260 _bC.B.S. PUBLISHERS & DISTRUTORS
_c1995
300 _a611
365 _h20
500 _aTEXT BOOK
501 _aPEN
520 _aPB
650 _aPHARMACEUTICAL ENGINEERING
999 _c767795
_d767795